La novela intelectual [ (Record no. 3247)
[ view plain ]
| 000 -LEADER | |
|---|---|
| campo de control de longitud fija | 01666nkm a2200349 i 4500 |
| 001 - NÚMERO DE CONTROL | |
| campo de control | 3247 |
| 003 - IDENTIFICADOR DE NÚMERO DE CONTROL | |
| campo de control | ES-MaACL |
| 005 - FECHA Y HORA DE LA ÚLTIMA TRANSACCIÓN | |
| campo de control | 20250824234602.0 |
| 007 - CAMPO FIJO DE DESCRIPCIÓN FÍSICA--INFORMACIÓN GENERAL | |
| campo de control de longitud fija | khrbo |
| 008 - DATOS DE LONGITUD FIJA--INFORMACIÓN GENERAL | |
| campo de control de longitud fija | 050926s1983 sp --- g |001||spa d |
| 100 0# - ENTRADA PRINCIPAL--NOMBRE DE PERSONA | |
| Nombre de persona | Alfonso, |
| Fechas asociadas al nombre | 1902-1990 |
| 9 (RLIN) | 19858 |
| 245 13 - MENCIÓN DEL TÍTULO | |
| Título | La novela intelectual [ |
| Medio | Fotografía] / |
| Mención de responsabilidad, etc. | Alfonso (sello). |
| 260 ## - PUBLICACIÓN, DISTRIBUCIÓN, ETC. | |
| Lugar de publicación, distribución, etc. | [S.l. : |
| Nombre del editor, distribuidor, etc. | s.n.], |
| Fecha de publicación, distribución, etc. | 1983. |
| 300 ## - DESCRIPCIÓN FÍSICA | |
| Extensión | 4 fot. : |
| Otras características físicas | b. y n. ; |
| Dimensiones | 12 x 18 cm. |
| 490 1# - MENCIÓN DE SERIE | |
| Mención de serie | Primeras conversaciones sobre narrativa española última |
| 500 ## - NOTA GENERAL | |
| Nota general | Datos basados en invitación. |
| 511 0# - NOTA DE PARTICIPANTES O INTÉRPRETES | |
| Nota de participantes o intérpretes | Intervienen: Fernando Sánchez Dragó, Rafael Conte, Soledad Puertolas, Antonio Bestard Fornis. |
| 518 ## - NOTA DE FECHA/HORA Y LUGAR DE UN ACONTECIMIENTO | |
| Nota de fecha/hora y lugar de un acontecimiento | Acto organizado por el Ateneo de Madrid, en colaboración con el Ministerio de Cultura, la Comunidad Autónoma de Madrid y el Instituto Nacional del Libro Español, dirigido por Antonio Bestard Fornis, celebrado en el salón de actos el lunes, 24 de octubre de 1983, a las 19:30 h. |
| 600 14 - PUNTO DE ACCESO ADICIONAL DE MATERIA--NOMBRE DE PERSONA | |
| Nombre de persona | Sánchez Dragó, Fernando. |
| 9 (RLIN) | 102617 |
| 600 14 - PUNTO DE ACCESO ADICIONAL DE MATERIA--NOMBRE DE PERSONA | |
| Nombre de persona | Conte, Rafael. |
| 9 (RLIN) | 40270 |
| 600 14 - PUNTO DE ACCESO ADICIONAL DE MATERIA--NOMBRE DE PERSONA | |
| Nombre de persona | Puértolas, Soledad. |
| 9 (RLIN) | 94193 |
| 600 14 - PUNTO DE ACCESO ADICIONAL DE MATERIA--NOMBRE DE PERSONA | |
| Nombre de persona | Bestard Fornis, Antonio. |
| 9 (RLIN) | 28618 |
| 610 24 - PUNTO DE ACCESO ADICIONAL DE MATERIA--NOMBRE DE ENTIDAD CORPORATIVA | |
| Nombre de entidad corporativa o nombre de jurisdicción como elemento de entrada | Ateneo de Madrid- |
| Subdivisión general | Actos culturales- |
| Subdivisión cronológica | 1983- |
| Subdivisión de forma | Fotografías. |
| 9 (RLIN) | 1896 |
| 710 2# - ENTRADA AGREGADA--NOMBRE DE ENTIDAD CORPORATIVA | |
| Nombre de entidad corporativa o nombre de jurisdicción como elemento de entrada | Ateneo de Madrid. |
| 9 (RLIN) | 1875 |
| 710 1# - ENTRADA AGREGADA--NOMBRE DE ENTIDAD CORPORATIVA | |
| Nombre de entidad corporativa o nombre de jurisdicción como elemento de entrada | España. |
| Unidad subordinada | Ministerio de Cultura |
| 9 (RLIN) | 3850 |
| 710 1# - ENTRADA AGREGADA--NOMBRE DE ENTIDAD CORPORATIVA | |
| Nombre de entidad corporativa o nombre de jurisdicción como elemento de entrada | Madrid (Comunidad Autónoma) |
| 9 (RLIN) | 5587 |
| 710 2# - ENTRADA AGREGADA--NOMBRE DE ENTIDAD CORPORATIVA | |
| Nombre de entidad corporativa o nombre de jurisdicción como elemento de entrada | Instituto Nacional del Libro Español |
| 9 (RLIN) | 5195 |
| 830 0# - PUNTO DE ACCESO ADICIONAL DE SERIE-TÍTULO UNIFORME | |
| Título uniforme | Primeras conversaciones sobre narrativa española última |
| 9 (RLIN) | 176744 |
| 852 ## - LOCALIZACIÓN | |
| Ubicación | ES-MaACL |
| Número de control de estantería | FOT 113/1983 |
| 856 4# - LOCALIZACIÓN Y ACCESO ELECTRÓNICOS | |
| Identificador Uniforme de Recursos | <a href="http://www.ateneodemadrid.net/biblioteca_digital/imagenes/1983/0113-1983.jpg">http://www.ateneodemadrid.net/biblioteca_digital/imagenes/1983/0113-1983.jpg</a> |
| Nota pública | Ver imagen |
| Estatus retirado | Estado de pérdida | Estado de daño | No para préstamo | Colección | Biblioteca de origen | Biblioteca actual | Ubicación en estantería | Fecha de adquisición | Fuente de adquisición | Total de préstamos | Signatura topográfica completa | Código de barras | Visto por última vez | Precio de reemplazo | Tipo de ítem Koha |
|---|---|---|---|---|---|---|---|---|---|---|---|---|---|---|---|
| Colección digital | Biblioteca del Ateneo de Madrid | Biblioteca del Ateneo de Madrid | Depósito Z | 17/01/2008 | FOT 113/1983 | 1003310 | 23/02/2023 | 23/02/2023 | Fotografía |
